How a Ghastly Story Was Brought to Light by a Common or Garden Butcher's Dog / (Record no. 14375)
[ view plain ]
| 000 -LEADER | |
|---|---|
| fixed length control field | 00783nam a22002537a 4500 |
| 001 - CONTROL NUMBER | |
| JCCL Control Number | 14375 |
| 003 - CONTROL NUMBER IDENTIFIER | |
| JCCL marc code | BD-JhCC |
| 005 - DATE AND TIME OF LATEST TRANSACTION | |
| control field | 20250731130710.0 |
| 008 - FIXED-LENGTH DATA ELEMENTS--GENERAL INFORMATION | |
| fixed length control field | 250731b |||||||| |||| 00| 0 eng d |
| 020 ## - INTERNATIONAL STANDARD BOOK NUMBER | |
| International Standard Book Number | 9780141398020 |
| 035 ## - SYSTEM CONTROL NUMBER | |
| system control number | (BD-JhCC) 14375 |
| 040 ## - CATALOGING SOURCE | |
| Original cataloging agency | BD-JhCC |
| Modifying agency | BD-JhCC |
| 041 ## - LANGUAGE CODE | |
| Language code of Book | eng |
| 082 ## - DEWEY DECIMAL CLASSIFICATION NUMBER | |
| DDC Edition number | 23 |
| Classification number | 823 |
| Author mark and Year | HEB |
| 100 ## - MAIN ENTRY--PERSONAL NAME | |
| Personal name | Hebel, Johann Peter Hebel |
| 245 ## - TITLE STATEMENT | |
| Title | How a Ghastly Story Was Brought to Light by a Common or Garden Butcher's Dog / |
| Statement of responsibility, etc | Johann Peter Hebel, Translated by John Hibberd and Nicholas Jacobs |
| 260 ## - PUBLICATION, DISTRIBUTION, ETC. (IMPRINT) | |
| Place of publication, distribution, etc | India: |
| Name of publisher, distributor, etc | Penguin Classics, |
| Date of publication, distribution, etc | 2015 |
| 300 ## - PHYSICAL DESCRIPTION | |
| Pagination | 53 p.; |
| Other physical details | 16 cm. |
| 490 ## - SERIES STATEMENT | |
| Series statement | Penguin Little Black Classics |
| Volume number/sequential designation | 22 |
| 650 ## - SUBJECT ADDED ENTRY--TOPICAL TERM | |
| Topical term or geographic name as entry element | English Fiction |
| Form subdivision | Short Story |
| 700 ## - ADDED ENTRY--PERSONAL NAME | |
| Personal name | Hibberd,John |
| 700 ## - ADDED ENTRY--PERSONAL NAME | |
| Personal name | Jacobs,Nicholas |
| 942 ## - ADDED ENTRY ELEMENTS (KOHA) | |
| Source of classification or shelving scheme | Dewey Decimal Classification |
| Koha item type | Books |
| Source of classification or shelving scheme | Damaged status | Not for loan | Collection code | Home library | Current library | Shelving location | Date of accession | Total Checkouts | Full call number | Barcode | Date last seen | Copy number | Koha item type |
|---|---|---|---|---|---|---|---|---|---|---|---|---|---|
| Dewey Decimal Classification | Fiction | JCC Rouf Library | JCC Rouf Library | General Stacks | 823 HEB | 20125 | 07/31/2025 | C-1 | Books |